000 00576nam a2200193 a 4500
001 BRCA_1342
005 20190320203401.0
008 920514s1990 mx-a---##b---#000-0#spa-#
020 _a9686060022
040 _aDLC
_cDLC
050 4 _aNK845
_b.S26 1990
245 1 0 _aSanta María del Río
_bun pueblo de artesanos.
260 _aMéxico
_bFondo Cultural Bancen
_c1990
300 _a117 p.
_bil. (algunas a color), mapas
_c31 cm.
504 _aBibliografía: p. 115-117
650 1 4 _aArte popular
_zMéxico
_9882
650 1 4 _aArtes decorativas
_zMéxico
_93532
942 _2lcc
_cB
999 _c1205
_d1205